000 00626nam a2200217Ia 4500
005 20240420131127.0
008 131103s9999 xx 000 0 und d
020 _a81 7381 266 7
_cRs.285.00
040 _aLoreto College
041 _aEnglish
082 _a370.954
_bPUR
100 _aPurkait, Biswa Ranjan
245 _aMilestones in Modern Indian Education
_cBiswa Ranjan Purkait
260 _aLondon
_bNew Central Book Agency
_c2012
300 _av,445p.
504 _aIncludes bibliographical references & index
650 _aEducation - India
651 _aIndia - Education
850 _aLCBED
942 _cBK
999 _c38141
_d88620